Taylor Swift - Devine la chanson sans indices #56 - Statistiques

Statistiques générales
  • Ce quiz a été pris 1 077 fois
  • Le résultat moyen est 178 sur 315
Statistiques - réponses
Réponse % Correct
I
98%
I?
98%
I,
98%
a
96%
you
95%
You
95%
love
89%
the
85%
me
84%
me,
84%
be
81%
do
78%
your
77%
it
75%
and
72%
And
72%
my
72%
where
70%
in
69%
for
68%
what
68%
so
67%
was
66%
were
62%
like
60%
of
60%
know
59%
with
59%
all
58%
But
57%
don't
57%
it's
57%
that
57%
this
57%
I'm
56%
You're
56%
then
55%
too
55%
by
54%
If
54%
if
54%
they
53%
us
53%
should
51%
could
50%
Head
50%
head
50%
just
50%
would
50%
now
49%
Now
49%
life
46%
or
45%
time
45%
tolerate
45%
got
44%
tell
44%
Tell
44%
watch
43%
I've
41%
man
41%
best
40%
made
39%
story
39%
celebrated
38%
kid
38%
out
38%
sit
38%
door
37%
Eyes
37%
shit
37%
much
36%
sky
36%
somehow
36%
wrong
36%
colors
35%
everything
35%
leave
35%
up
35%
wait
35%
fancy
34%
low
34%
portrait
34%
Use
34%
Always
33%
older
33%
table
33%
wiser
33%
free
31%
good
31%
temple,
31%
closed
30%
notice
30%
space
30%
Took
30%
begging
29%
Lay
29%
Believe
28%
footnotes
28%
reading
28%
removed
28%
mural,
27%
take
27%
fine
26%
over
26%
lose
25%
ruins
25%
assume
24%
Break
24%
building
24%
dagger
24%
listen
24%
taking
24%
other
23%
breathing
22%
until
22%
fun
21%
worlds,
21%
blankets
20%
polish
20%
Where's
20%
While
20%
Gain
18%
glisten
18%
hearts
18%
plates
18%
wake
18%
weight
18%
wire?
18%
battle
17%
Drawing
17%
throw
17%
barbed
16%
greet
16%
welcome
16%
byline
15%
hero's
15%
gleam
14%
indiscretions
14%
who'd
13%
Aucun quiz correspondant
Distribution des résultats
% des personnes avec chaque résultat
Percentile par nombre de réponses
Votre historique - résultats
Vous n’avez pas pris ce quiz